| 000 | 00478nam a2200181Ia 4500 | ||
|---|---|---|---|
| 003 | GCL | ||
| 008 | 140319s9999 xx 000 0 eng d | ||
| 040 |
_aGCL / _cGCL |
||
| 082 | 0 | 4 |
_a302.14 _bA C |
| 100 | 1 | _aARGYLE, MICHAEL | |
| 245 | 1 | 0 |
_aCOOPERATION, THE BASIS OF SOCIABILITY / _cARGYLE, MICHAEL |
| 260 |
_a[S.N] : _bROUTLEDGE ، _c1991 |
||
| 300 | _a276 | ||
| 650 | 0 | 4 | _aCOOPERATIVENESS |
| 650 | 0 | 4 | _aINTERPERSONAL RELALIONS |
| 650 | 0 | 4 | _aSOCIAL GROUPS |
| 942 |
_2ddc _cBK |
||
| 999 |
_c17588 _d17588 |
||